000 00420nam a22001817a 4500
003 NUST
020 _a978-81-265-3708-2
038 _aKhadija
082 _a658.404
_bMER
100 _aMantel, Jack R. Meredith; Samuel
_985143
245 _aProject Management /
250 _a8th
260 _aNew Delhi :
_bWiley,
_c2013.
300 _a586 p. ;
_b24cm
500 _aPaperback.
563 _aPB
942 _cBK
_2ddc
999 _c33368
_d33368